TEXT BOOK OF MEDICAL BIOCHEMISTRY (Record no. 29094)

MARC details
000 -LEADER
fixed length control field 00381nam a22001697a 4500
003 - CONTROL NUMBER IDENTIFIER
control field SGT
020 ## - INTERNATIONAL STANDARD BOOK NUMBER
International Standard Book Number 9788131264898
082 ## - DEWEY DECIMAL CLASSIFICATION NUMBER
Classification number 612.015
Item number M23P
100 ## - MAIN ENTRY--PERSONAL NAME
Personal name PURI, DINESH
245 ## - TITLE STATEMENT
Title TEXT BOOK OF MEDICAL BIOCHEMISTRY
250 ## - EDITION STATEMENT
Edition statement 5TH
260 ## - PUBLICATION, DISTRIBUTION, ETC. (IMPRINT)
Place of publication, distribution, etc INDIA
Name of publisher, distributor, etc ELSEVIER
Year of Publication 2023
300 ## - PAGE DESCRIPTION
No. of Pages 774
650 ## - SUBJECT ADDED ENTRY--TOPICAL TERM
Topical term or geographic name as entry element BIOCHEMISTRY
653 ## - KEYWORDS--INDEX TERM
Keyword term MEDICAL , BIOCHEMISTRY
942 ## - ADDED ENTRY ELEMENTS (KOHA)
Source of classification or shelving scheme Dewey Decimal Classification
Koha item type Books
Holdings
Withdrawn status Lost status Source of classification or shelving scheme Damaged status Not for loan Collection code Home library Current library Shelving location Date acquired Vendor Name Cost, normal purchase price SGTU Bill Number Total Checkouts Full call number Accession No. (Barcode) Date last seen Date last borrowed Bill Date Koha item type Total Renewals
    Dewey Decimal Classification     AYURVEDA SGT FA-FP Library SGT FA-FP Library Text Book 17/01/2025 AHUJA PUB. 1820.00 SGTU 19920 1 612.015 M23P FA12557 03/12/2025 21/11/2025 21/11/2024 Books  
    Dewey Decimal Classification     AYURVEDA SGT FA-FP Library SGT FA-FP Library Text Book 17/01/2025 AHUJA PUB. 1820.00 SGTU 19920 3 612.015 M23P FA12558 19/12/2025 06/12/2025 21/11/2024 Books 1
    Dewey Decimal Classification     AYURVEDA SGT FA-FP Library SGT FA-FP Library Text Book 17/01/2025 AHUJA PUB. 1820.00 SGTU 19920   612.015 M23P FA12559 17/01/2025   21/11/2024 Books